000 01288cam a2200313 i 4500
001 28862
003 Mx-PuUPA
005 20250926161806.0
008 140415s1982 mx ah g 001 0 spa d
020 _a9684700326
040 _cMx-PuUPA
_aMx-PuUPA
_bspa
_dMx-PuUPA
_erda
041 0 _aspa
100 1 _aRamírez Aparicio, Manuel,
_d1831-1867
_917487
_eautor
245 1 4 _aLos conventos suprimidos en México :
_bestudios biográficos, históricos y arqueológicos /
_cManuel Ramírez Aparicio
250 _aFacsimilar
264 1 _aMéxico, D.F. :
_bBanco Nacional de Obras y Servicios Públicos ;
_bMiguel Ángel Porrúa,
_c©1982
300 _a525 páginas :
_bfacsímil, ilustraciones ;
_c24 cm
336 _2rdacontent
_atexto
_btxt
337 _2rdamedia
_asin medio
_bn
338 _2rdacarrier
_avolumen
_bnc
500 _a"Reproducción facsimilar de la primera edición. México, 1861".-- Portada.
650 7 _2armarc
_aMonasticismo y órdenes religiosas
_zMéxico
650 7 _2armarc
_aMonasterios
_xHistoria y arte
_zMéxico
650 7 _2armarc
_aConventos
_xHistoria
_zMéxico
942 _2ddc
_cLI
_h255.00972
_iR65
999 _c28862
_d28862